000 00503nam a2200169Ia 4500
999 _c36296
_d36296
003 OSt
005 20210101114602.0
008 190216s9999||||xx |||||||||||||| ||und||
040 _coclc
082 _a894.8121
_bRAM/B
100 _aRamachandran, Thuravoor
_98070
245 0 _aBudhamuniyute Dharmapadam /
_cThuravoor Ramachandran
260 _bIndian Book House,
_aCalicut:
_c1993.
300 _a97p
650 _aMalayalam
942 _cBK
_2ddc
_h894.8121
_iRAM/B
_k894.8121
_mRAM/B